Name That Language! - Statistics

General Stats
  • This quiz has been taken 108 times
  • The average score is 20 of 36
Answer Stats
Hint Answer % Correct
我的馬從窗口掉下來 Mandarin
95%
سقط الحصان من النافذة Arabic
94%
Моя Лошадь выпала из окна Russian
94%
Mi caballo se cayó de la ventana Spanish
94%
Mein Pferd fiel aus dem Fenster German
93%
私の馬は窓から落ちた Japanese
93%
Mon cheval est tombé par la fenêtre French
90%
Το άλογο μου έπεσε από το παράθυρο Greek
85%
הסוס שלי נפל מהחלון Hebrew
78%
내 말은 창문에서 떨어졌습니다. Korean
77%
اسب من از پنجره خارج شد Farsi
76%
मेरा घोड़ा खिड़की से बाहर गिर गया Hindi
76%
Il mio cavallo è caduto dalla finestra Italian
68%
Con ngựa của tôi rơi ra ngoài cửa sổ Vietnamese
67%
Min häst föll ut ur fönstret Swedish
66%
Mijn paard viel uit het raam Dutch
62%
Meu cavalo caiu da janela Portuguese
60%
Mój koń wypadł przez okno Polish
57%
ม้าของฉันตกลงมาจากหน้าต่าง Thai
56%
میرا گھوڑا کھڑکی سے گر گیا Urdu
46%
আমার হর্স জানালা থেকে পড়ে গিয়েছিল Bengali
44%
Ua hāʻule kuʻu lio mai ka puka Hawaiian
44%
Ang Aking Kabayo ay nahulog sa bintana Tagalog
44%
Atım pencereden düştü Turkish
43%
Min hest faldt ud af vinduet Danish
41%
Equo cecidit de fumario Latin
40%
El meu cavall va caure per la finestra Catalan
34%
என் குதிரை ஜன்னல் வழியாக விழுந்தது Tamil
33%
Farasi wangu akaanguka nje ya dirisha Swahili
32%
အကြှနျုပျ၏မြင်းပြတင်းပေါက်ထဲကကျဆင်း Burmese
30%
Můj kůň vypadl z okna Czech
29%
నా గుర్రం విండో నుండి పడిపోయింది Telugu
29%
Kuda saya jatuh dari tingkap Malay
28%
Cheval m 'tonbe soti nan fenèt la Haitian Creole
18%
زما هورس د کړکۍ څخه وتښتيدل Pashto
18%
Ihhashi lami lawa ngefasitela Zulu
10%
No matching quizzes found
Score Distribution
Percent of People with Each Score
Percentile by Number Answered
Your Score History
You have not taken this quiz